Ember és történelem
Elmentve itt :
| Szerző: | |
|---|---|
| Adatforrás: | Philobibl |
| Forrásdokumentuma: | Tájékoztató 1989/4., 7-14. p. |
| Dokumentumtípus: | Cikk |
| Nyelv: | magyar |
| LEADER | 00273nab a2200097 c 4500 | ||
|---|---|---|---|
| 001 | bibDOK00004108 | ||
| 005 | 20200924120019.2 | ||
| 008 | 060518s1989 xx hun | ||
| 100 | 1 | |a Karikó Sándor | |
| 245 | 1 | 0 | |a Ember és történelem |c Karikó Sándor |
| 773 | 0 | |t Tájékoztató |g 1989/4., 7-14. p. | |